Evaluación de programas sociales: teoría y metodología de la investigación evaluativa

Shranjeno v:
Bibliografske podrobnosti
Glavni avtor: Briones, Guillermo (Author)
Format: Knjiga
Jezik:španščina
Izdano: Santiago PIIE 1985
Teme:
Oznake: Označite
Brez oznak, prvi označite!

MARC

LEADER 00000nam a2200000 a 4500
001 UCW3543
003 CL-VaPUC
008 881104e19850000CL |||||||||||||||||spa|d
082 0 4 |a 300.72  |b BRI  |2 21 
100 0 |a Briones, Guillermo  |e author  |9 307813 
245 1 0 |a Evaluación de programas sociales: teoría y metodología de la investigación evaluativa 
300 |a  258 p 
942 |c BK 
945 |d 19881104 00:00:00 
260 |a Santiago  |b PIIE  |c 1985 
650 0 |a Investigación social   |9 307814 
650 0 |a Evaluación  |9 271902 
650 7 |a PROGRAMAS DE ACCION SOCIAL  |2 CL-VaPUC  |9 307815 
583 |a last modification  |c 19881104 00:00:00  |k Rodrigo Vera 
999 |c 217512  |d 217510 
952 |0 0  |1 0  |4 0  |6 300_720000000000000_BRI_1985  |7 0  |8 A  |9 205268  |a BIBEDU  |b BIBEDU  |d 2019-11-15  |i 2732041  |o 300.72 BRI 1985  |p 2732041  |r 2019-11-15  |w 2019-11-15  |y BK  |k EDU 
952 |0 0  |1 0  |4 0  |6 300_720000000000000_BRI_1985  |7 0  |8 A  |9 205269  |a BIBEDU  |b BIBEDU  |d 2019-11-15  |i 4224868  |o 300.72 BRI 1985  |p 4224868  |r 2019-11-15  |w 2019-11-15  |y BK  |k EDU